00690cam a2200181Ki 4500082002000000100003200020245006600052250001700118260003200135300003500167526003700202650003300239650004300272856006500315942001200380999001900392952009700411 a624.172bWOOcD1 aWoods, Richard John.94280110aStrength and elasticity of structural memberscby R.J. Woods. a2d ed., rev. aLondon :bE. Arnold,c1906. a1 online resource (xi, 315 p.) a0b0c0d624_172000000000000_WOO 0aStrains and stresses.928238 0aStructural analysis (Engineering)965440uhttp://catalog.hathitrust.org/api/volumes/oclc/18434542.html 2ddccBK c546634d546634 00102ddc4070aMCEbMCEd2014-06-17l0o624.172 WOOpMCE-40720r2014-06-17w2014-06-17yBK